Lotniska - z utwardzonymi pasami startowymi - Statystyki

Ogólne statystyki
  • Ten quiz został rozwiązany 55 razy
  • Średni wynik to 36 z 50
Statystyki odpowiedzi
Ilość Kraj % Poprawnych
87 Polska
100%
594 Rosja
100%
5 054 Stany Zjednoczone
100%
698 Brazylia
98%
510 Chiny
98%
99 Hiszpania
98%
318 Niemcy
98%
161 Argentyna
95%
349 Australia
95%
523 Kanada
95%
339 Francja (z Polinezją Francuską)
93%
271 Wielka Brytania
93%
142 Japonia
90%
243 Meksyk
90%
108 Ukraina
88%
98 Włochy
88%
253 Indie
86%
149 Szwecja
86%
67 Norwegia
83%
121 Kolumbia
81%
144 Republika Południowej Afryki
81%
91 Turcja
81%
72 Egipt
79%
74 Finlandia
79%
43 Portugalia
79%
90 Chile
76%
186 Indonezja
76%
71 Korea Południowa
76%
82 Arabia Saudyjska
67%
68 Grecja
67%
140 Iran
67%
63 Kazachstan
67%
59 Peru
64%
127 Wenezuela
64%
108 Pakistan
60%
63 Tajlandia
60%
41 Czechy
57%
72 Irak
57%
39 Malezja
57%
89 Filipiny
50%
64 Algieria
48%
40 Szwajcaria
48%
39 Korea Północna
45%
40 Nigeria
45%
57 Bułgaria
36%
104 Ekwador
36%
64 Kuba
33%
57 Panama
29%
68 Libia
26%
47 Kostaryka
19%
Nie znaleziono quizów pasujących do podanych kryteriów
Rozkład punktacji
Procent ludzi z każdym wynikiem
Percentyl według liczby udzielonych odpowiedzi
Twoja historia wyników
Nie rozwiązałeś tego quizu